[Event "GER-ch Net Amateur Gr-A Vor2"]
[Site "Playchess.com INT"]
[Date "2020.04.15"]
[Round "1"]
[White "Gorzinski, Dariusz"]
[Black "Roelle, Philipp"]
[Result "0-1"]
[WhiteElo "1562"]
[BlackElo "1906"]
[PlyCount "76"]
[EventDate "2020.04.15"]
[EventType "swiss (blitz)"]
[EventRounds "9"]
[EventCountry "GER"]
[SourceTitle "CBM 196 Extra"]
[Source "ChessBase"]
[SourceDate "2020.07.31"]
[SourceVersion "1"]
[SourceVersionDate "2020.07.31"]
[SourceQuality "1"]

1. e4 e5 2. Nf3 Nc6 3. Bc4 Be7 4. 0-0 Nf6 5. d3 d6 6. h3 0-0 7. c3 Kh8 8. Bb3 Nd7 9. g4 Nc5 10. Bc2 Ne6 11. d4 Ng5 12. Nxg5 Bxg5 13. d5 Nb8 14. Be3 Bxe3 15. fxe3 Qh4 16. Kg2 Nd7 17. Qf3 Nf6 18. Qg3 Qg5 19. Nd2 Qg6 20. Rf2 Bd7 21. Raf1 Kg8 22. Qh4 Rae8 23. Rxf6 gxf6 24. Rxf6 Qg7 25. Nf3 Kh8 26. Rh6 Rg8 27. g5 f6 28. Qh5 Re7 29. Kh2 fxg5 30. Ne1 Be8 31. Qg4 Qxh6 32. Nf3 Bd7 33. Qg3 g4 34. Nh4 gxh3 35. Nf5 Bxf5 36. exf5 Rxg3 37. Kxg3 Qxe3+ 38. Kh4 Rg7 0-1

[Event "GER-ch Net Amateur Gr-A Vor2"]
[Site "Playchess.com INT"]
[Date "2020.04.15"]
[Round "3"]
[White "Gorzinski, Dariusz"]
[Black "Schroeder, Christoph"]
[Result "1-0"]
[WhiteElo "1552"]
[BlackElo "1729"]
[PlyCount "57"]
[EventDate "2020.04.15"]
[EventType "swiss (blitz)"]
[EventRounds "9"]
[EventCountry "GER"]
[SourceTitle "CBM 196 Extra"]
[Source "ChessBase"]
[SourceDate "2020.07.31"]
[SourceVersion "1"]
[SourceVersionDate "2020.07.31"]
[SourceQuality "1"]

1. e4 e6 2. d4 d5 3. e5 c5 4. c3 Nc6 5. Nf3 Bd7 6. Be2 f6 7. 0-0 fxe5 8. dxe5 Nge7 9. Bd3 Qc7 10. Re1 0-0-0 11. Bf4 h6 12. h4 g6 13. Qc2 Rg8 14. Nbd2 Nf5 15. Bxf5 gxf5 16. a4 Be8 17. Rac1 Qg7 18. g3 Bh5 19. Kg2 Be7 20. b4 cxb4 21. cxb4 Kb8 22. b5 Nb4 23. Qc7+ Ka8 24. Nd4 Qf7 25. Nc6 bxc6 26. bxc6 Rb8 27. Be3 d4 28. Bxd4 Nxc6 29. Rxc6 1-0

[Event "Bremen Silvester op"]
[Site "Bremen"]
[Date "2017.12.30"]
[Round "7"]
[White "Wachinger, Nikolas"]
[Black "Gorzinski, Dariusz"]
[Result "1-0"]
[WhiteElo "2243"]
[BlackElo "2016"]
[PlyCount "85"]
[EventDate "2017.12.27"]
[EventType "swiss"]
[EventRounds "7"]
[EventCountry "GER"]
[SourceTitle "CBM 182 Extra"]
[Source "ChessBase"]
[SourceDate "2018.02.23"]
[SourceVersion "1"]
[SourceVersionDate "2018.02.23"]
[SourceQuality "1"]

1. e4 c6 2. d4 d5 3. e5 c5 4. dxc5 e6 5. a3 Bxc5 6. b4 Bb6 7. Qg4 Ne7 8. Qxg7 Rg8 9. Qxh7 Bd4 10. Ra2 Bxe5 11. Nf3 Rh8 12. Bb5+ Nbc6 13. Qd3 Bf6 14. c4 a6 15. Bxc6+ bxc6 16. Bb2 Ng6 17. Bxf6 Qxf6 18. Qc3 Qxc3+ 19. Nxc3 dxc4 20. 0-0 e5 21. Na4 Be6 22. Rc2 Bd5 23. Nxe5 Nxe5 24. Re1 f6 25. f4 0-0-0 26. fxe5 f5 27. Nc5 Rdg8 28. e6 f4 29. Re5 f3 30. g3 f2+ 31. Rxf2 Rxg3+ 32. Kf1 Rgg8 33. Ke1 c3 34. Kd1 a5 35. Kc2 axb4 36. axb4 Kc7 37. e7 Re8 38. Kxc3 Kd6 39. Rfe2 Rh7 40. Kd4 Rh4+ 41. Ne4+ Kc7 42. Kc5 Rf4 43. Nd6 1-0

[Event "Goch op 27th"]
[Site "Goch"]
[Date "2016.09.02"]
[Round "3"]
[White "Gorzinski, Dariusz"]
[Black "Kolthoff, Siegmund"]
[Result "0-1"]
[WhiteElo "2023"]
[BlackElo "2112"]
[PlyCount "59"]
[EventDate "2016.09.01"]
[EventType "swiss"]
[EventRounds "7"]
[EventCountry "GER"]
[SourceTitle "EXT 2018"]
[Source "ChessBase"]
[SourceDate "2017.10.13"]
[SourceVersion "1"]
[SourceVersionDate "2017.10.13"]
[SourceQuality "1"]

1. e4 c5 2. c3 Nf6 3. e5 Nd5 4. Bc4 e6 5. Nf3 Nc6 6. 0-0 Nb6 7. Bb3 d6 8. exd6 Qxd6 9. d4 cxd4 10. cxd4 Be7 11. Nc3 0-0 12. a3 Rd8 13. Be3 Bf8 14. Qe2 Ne7 15. Ne5 Nbd5 16. Ne4 Qb6 17. Bc2 f6 18. Nc4 Qc7 19. Rac1 Ng6 20. Bb1 Qb8 21. Qh5 Ndf4 22. Nxf6+ gxf6 23. Bxf4 Qxf4 24. Bxg6 hxg6 25. Qxg6+ Bg7 26. Ne5 fxe5 27. Rc7 Qf6 28. Qh5 Bd7 29. dxe5 Qxe5 30. Qg4 0-1

[Event "Vellmar op 8th"]
[Site "Vellmar"]
[Date "2016.07.29"]
[Round "3"]
[White "Krosenbrink, Marcel"]
[Black "Gorzinski, Dariusz"]
[Result "0-1"]
[WhiteElo "1894"]
[BlackElo "2047"]
[PlyCount "44"]
[EventDate "2016.07.28"]
[EventType "swiss"]
[EventRounds "7"]
[EventCountry "GER"]
[SourceTitle "CBM 173 Extra"]
[Source "ChessBase"]
[SourceDate "2016.08.29"]
[SourceVersion "1"]
[SourceVersionDate "2016.08.29"]
[SourceQuality "1"]

1. e4 c6 2. d4 d5 3. f3 dxe4 4. fxe4 e5 5. Nf3 Bg4 6. Bc4 Nd7 7. c3 b5 8. Bd3 Ngf6 9. 0-0 Bd6 10. Be3 0-0 11. h3 Bh5 12. Nbd2 Qc7 13. Qc2 Rac8 14. a4 a6 15. axb5 axb5 16. Nh4 Bg6 17. Nxg6 hxg6 18. Nf3 Ra8 19. Qf2 b4 20. dxe5 Nxe5 21. Nxe5 Bxe5 22. Bf4 Rxa1 0-1

[Event "Goch op 26th"]
[Site "Goch"]
[Date "2015.09.05"]
[Round "4"]
[White "Gorzinski, Dariusz"]
[Black "Schaefers, Bernd"]
[Result "0-1"]
[WhiteElo "2047"]
[BlackElo "1890"]
[PlyCount "92"]
[EventDate "2015.09.03"]
[EventType "swiss"]
[EventRounds "7"]
[EventCountry "GER"]
[SourceTitle "EXT 2018"]
[Source "ChessBase"]
[SourceDate "2017.10.13"]
[SourceVersion "1"]
[SourceVersionDate "2017.10.13"]
[SourceQuality "1"]

1. e4 c5 2. c3 d5 3. exd5 Qxd5 4. d4 cxd4 5. Nf3 Bg4 6. cxd4 e5 7. Nc3 Bb4 8. Qa4+ Nc6 9. Qxb4 Nxb4 10. Nxd5 Nxd5 11. Nxe5 Be6 12. Bb5+ Kf8 13. 0-0 Rd8 14. b3 g6 15. Bb2 Nge7 16. Rac1 a6 17. Be2 Kg7 18. Bf3 Rhf8 19. Ba3 Rfe8 20. Nc4 Rd7 21. Nd6 Red8 22. Ne4 b6 23. Ng5 Bf5 24. g4 Bd3 25. Rfe1 h6 26. Ne4 Bb5 27. Nc3 Rc8 28. Nxb5 Rxc1 29. Rxc1 axb5 30. Bxe7 Nxe7 31. Re1 Nd5 32. Bxd5 Rxd5 33. Re5 Rxd4 34. Rxb5 Rd6 35. Kf1 Kf8 36. Re5 f6 37. Re4 Kf7 38. Ke2 b5 39. Rb4 Ra6 40. Rxb5 Rxa2+ 41. Ke3 g5 42. Rb6 Rb2 43. h3 Rc2 44. f3 Rh2 45. Ke4 Re2+ 46. Kf5 Re5# 0-1

[Event "Goch op 25th"]
[Site "Goch"]
[Date "2014.09.05"]
[Round "3"]
[White "Mundorf, Johannes"]
[Black "Gorzinski, Dariusz"]
[Result "1/2-1/2"]
[WhiteElo "2234"]
[BlackElo "2041"]
[PlyCount "115"]
[EventDate "2014.09.04"]
[EventType "swiss"]
[EventRounds "7"]
[EventCountry "GER"]
[SourceTitle "EXT 2016"]
[Source "ChessBase"]
[SourceDate "2015.10.08"]
[SourceVersion "1"]
[SourceVersionDate "2015.10.08"]
[SourceQuality "1"]

1. Nf3 Nf6 2. g3 d5 3. Bg2 g6 4. b3 Bg7 5. Bb2 0-0 6. c4 c6 7. 0-0 Nbd7 8. Qc2 b6 9. d3 Bb7 10. Nbd2 Re8 11. e4 dxe4 12. Nxe4 Nxe4 13. dxe4 c5 14. Bxg7 Kxg7 15. Qc3+ e5 16. Rad1 Qe7 17. Ne1 Rad8 18. Nc2 Nb8 19. Ne3 Nc6 20. Nd5 Nd4 21. Nxe7 Ne2+ 22. Kh1 Nxc3 23. Rxd8 Rxd8 24. Nd5 Bxd5 25. exd5 a5 26. a3 f5 27. Rc1 Ne2 28. Re1 Nd4 29. Rxe5 Nxb3 30. Re6 Nd2 31. Rxb6 Nxc4 32. Rb5 Rc8 33. Bf1 Nd2 34. Rb7+ Kf6 35. Bb5 c4 36. d6 Rd8 37. d7 Ke7 38. Kg2 Kd6 39. a4 c3 40. Rb6+ Ke7 41. Rc6 Rxd7 42. Rxc3 Ne4 43. Rc8 Rd2 44. Rc7+ Kd6 45. Rxh7 Rxf2+ 46. Kg1 Kc5 47. Rc7+ Kd4 48. Rd7+ Kc5 49. Rc7+ Kd4 50. Rd7+ Kc5 51. Rg7 g5 52. Rxg5 Kd4 53. Rg8 Ra2 54. Rd8+ Ke5 55. Re8+ Kf6 56. Rf8+ Ke5 57. Re8+ Kd4 58. Rd8+ 1/2-1/2

[Event "Goch op 23rd"]
[Site "Goch"]
[Date "2012.08.31"]
[Round "3"]
[White "Gorzinski, Dariusz"]
[Black "Schaefers, Bernd"]
[Result "1/2-1/2"]
[WhiteElo "2040"]
[BlackElo "1874"]
[PlyCount "79"]
[EventDate "2012.08.30"]
[EventType "swiss"]
[EventRounds "7"]
[EventCountry "GER"]
[SourceTitle "EXT 2015"]
[Source "ChessBase"]
[SourceDate "2014.11.20"]
[SourceVersion "1"]
[SourceVersionDate "2014.11.20"]
[SourceQuality "1"]

1. e4 e6 2. Nf3 d5 3. Nc3 dxe4 4. Nxe4 Nf6 5. Nxf6+ Qxf6 6. d4 h6 7. Be3 Bd6 8. Qd2 e5 9. dxe5 Bxe5 10. Nxe5 Qxe5 11. 0-0-0 0-0 12. Bd4 Qe6 13. b3 Nc6 14. Bc4 Qg6 15. Bb2 Be6 16. Bd3 Bf5 17. Qc3 Bxd3 18. Rxd3 f6 19. Rg3 Qf7 20. f4 Rad8 21. Re3 Rd7 22. Rhe1 Rfd8 23. Re4 Qh5 24. Qc4+ Kh7 25. R4e2 Kh8 26. Bc3 a6 27. g4 Qxg4 28. Re8+ Rxe8 29. Rxe8+ Kh7 30. Qe4+ f5 31. Qc4 Qd1+ 32. Kb2 Nd4 33. Bb4 b6 34. Re1 Qf3 35. Rf1 Qe4 36. Rf2 c5 37. Bc3 Qe3 38. Rf1 Qe4 39. Rf2 Qe3 40. Rf1 1/2-1/2

[Event "Goch op 22nd"]
[Site "Goch"]
[Date "2011.09.30"]
[Round "3"]
[White "Aymans, Rainer"]
[Black "Gorzinski, Dariusz"]
[Result "0-1"]
[WhiteElo "1925"]
[BlackElo "2085"]
[PlyCount "64"]
[EventDate "2011.09.29"]
[EventType "swiss"]
[EventRounds "7"]
[EventCountry "GER"]
[SourceTitle "EXT 2014"]
[Source "ChessBase"]
[SourceDate "2013.11.20"]
[SourceVersion "1"]
[SourceVersionDate "2013.11.20"]
[SourceQuality "1"]

1. Nf3 d5 2. c4 c6 3. cxd5 cxd5 4. g3 Nf6 5. Bg2 g6 6. b3 Bg7 7. Bb2 0-0 8. 0-0 Nc6 9. d3 Bg4 10. Nbd2 Qd7 11. Re1 Rfd8 12. a3 Rac8 13. Rc1 h6 14. b4 a6 15. Nb3 b6 16. Qd2 Kh7 17. Rc2 Bxf3 18. Bxf3 h5 19. h4 Bh6 20. e3 e5 21. Qe2 Qe6 22. d4 Qf5 23. Rec1 e4 24. Bxh5 Ne7 25. Bxg6+ Nxg6 26. Qxa6 Rxc2 27. Rxc2 Nxh4 28. Nd2 Rg8 29. Qf1 Nf3+ 30. Nxf3 exf3 31. Rc7 Qh5 32. Qd3+ Kh8 0-1

[Event "Goch op 22nd"]
[Site "Goch"]
[Date "2011.09.30"]
[Round "2"]
[White "Gorzinski, Dariusz"]
[Black "Steingrueber, Frank"]
[Result "1/2-1/2"]
[WhiteElo "2085"]
[BlackElo "1755"]
[PlyCount "104"]
[EventDate "2011.09.29"]
[EventType "swiss"]
[EventRounds "7"]
[EventCountry "GER"]
[SourceTitle "EXT 2014"]
[Source "ChessBase"]
[SourceDate "2013.11.20"]
[SourceVersion "1"]
[SourceVersionDate "2013.11.20"]
[SourceQuality "1"]

1. e4 e6 2. d4 d5 3. e5 c5 4. c3 Qb6 5. Nf3 Nc6 6. a3 c4 7. Nbd2 f6 8. b4 fxe5 9. Nxe5 Nxe5 10. dxe5 Nh6 11. Nf3 Nf7 12. Be3 Qc7 13. Bd4 Be7 14. g3 0-0 15. Qe2 b5 16. Bg2 a5 17. 0-0 Bd7 18. h4 Ra6 19. Nh2 Nh6 20. Bh3 Be8 21. Ra2 Bg6 22. Rfa1 Bd3 23. Qd2 Nf5 24. Bxf5 Rxf5 25. a4 bxa4 26. b5 Rb6 27. Rxa4 Rxb5 28. Qe3 Bd8 29. Ng4 Qb7 30. Re1 Qf7 31. f4 Rb2 32. Nf2 Bc2 33. Raa1 Qg6 34. Kh2 Rh5 35. Re2 Bxh4 36. gxh4 Rxh4+ 37. Nh3 Rb1 38. Rxa5 h6 39. Ra8+ Kh7 40. Rg2 Rg4 41. Ng5+ Rxg5 42. fxg5 Bf5 43. Qe2 Be4 44. Be3 Bxg2 45. Kxg2 Qe4+ 46. Qf3 Rb2+ 47. Bf2 Qxe5 48. gxh6 Qg5+ 49. Kh3 Qxh6+ 50. Bh4 Rd2 51. Kg4 Rd3 52. Qf7 Re3 1/2-1/2

[Event "Goch op 22nd"]
[Site "Goch"]
[Date "2011.09.29"]
[Round "1"]
[White "Sloka, Andreas"]
[Black "Gorzinski, Dariusz"]
[Result "0-1"]
[WhiteElo "1762"]
[BlackElo "2085"]
[PlyCount "72"]
[EventDate "2011.09.29"]
[EventType "swiss"]
[EventRounds "7"]
[EventCountry "GER"]
[SourceTitle "EXT 2014"]
[Source "ChessBase"]
[SourceDate "2013.11.20"]
[SourceVersion "1"]
[SourceVersionDate "2013.11.20"]
[SourceQuality "1"]

1. d4 d5 2. c4 c6 3. Nf3 Nf6 4. Bg5 h6 5. Bf4 e6 6. Nc3 Bd6 7. Bxd6 Qxd6 8. e3 0-0 9. Bd3 dxc4 10. Bxc4 Nbd7 11. 0-0 Qe7 12. Rc1 b6 13. e4 Bb7 14. Qe2 Rfd8 15. Rfd1 Nf8 16. a3 Ng6 17. Qc2 Rac8 18. b4 e5 19. dxe5 Nxe5 20. Nxe5 Qxe5 21. Qb3 Rf8 22. f3 b5 23. Bd3 a6 24. Ne2 c5 25. bxc5 Rxc5 26. Bb1 Bc8 27. Qb4 Rxc1 28. Nxc1 Qg5 29. Kh1 Qe3 30. Nd3 Nh5 31. Ne5 Be6 32. Nc6 Re8 33. Qd4 Qxa3 34. e5 g6 35. Bd3 Qb3 36. g4 Qxd1+ 0-1

[Event "Moehnesee Cup-A 37th"]
[Site "Moehnesee"]
[Date "2011.09.04"]
[Round "7"]
[White "Gorzinski, Dariusz"]
[Black "Ruehrmund, Daniel"]
[Result "1/2-1/2"]
[WhiteElo "2085"]
[BlackElo "1924"]
[PlyCount "43"]
[EventDate "2011.09.01"]
[EventType "swiss"]
[EventRounds "7"]
[EventCountry "GER"]
[SourceTitle "EXT 2013"]
[Source "ChessBase"]
[SourceDate "2012.11.22"]
[SourceVersion "1"]
[SourceVersionDate "2012.11.22"]
[SourceQuality "1"]

1. e4 c5 2. c3 Nf6 3. e5 Nd5 4. Bc4 Nb6 5. Bb3 e6 6. Nf3 d6 7. exd6 Bxd6 8. d4 N8d7 9. 0-0 0-0 10. Qd3 h6 11. Rd1 cxd4 12. cxd4 Nf6 13. Nc3 Nbd5 14. Ne5 b6 15. Nxd5 Nxd5 16. Bc2 f5 17. Bb3 Bxe5 18. dxe5 Bb7 19. Qg3 Kh7 20. Rd4 Qe8 21. Bd2 Qg6 22. Qxg6+ 1/2-1/2

[Event "Herne-ch 14th"]
[Site "Herne"]
[Date "2011.03.01"]
[Round "4"]
[White "Kowalczyk, Frank"]
[Black "Gorzinski, Dariusz"]
[Result "0-1"]
[WhiteElo "1796"]
[BlackElo "1911"]
[PlyCount "97"]
[EventDate "2011.02.07"]
[EventType "swiss"]
[EventRounds "7"]
[EventCountry "GER"]
[SourceTitle "EXT 2014"]
[Source "ChessBase"]
[SourceDate "2013.11.20"]
[SourceVersion "1"]
[SourceVersionDate "2013.11.20"]
[SourceQuality "1"]

1. c4 c6 2. Nc3 Nf6 3. d4 d5 4. e3 Bf5 5. Nf3 e6 6. Be2 dxc4 7. Bxc4 Nbd7 8. 0-0 Nb6 9. Bb3 Bg4 10. h3 Bh5 11. Qe2 Be7 12. Bd2 0-0 13. Bc2 Nbd5 14. a3 Rc8 15. g4 Bg6 16. Bxg6 hxg6 17. e4 Nb6 18. Bf4 Re8 19. Rfd1 Nfd7 20. Kg2 g5 21. Bg3 Nf8 22. Qc2 Ng6 23. Ne2 Nd7 24. Rd3 Qa5 25. Rad1 e5 26. dxe5 Ndxe5 27. Nxe5 Nxe5 28. Rb3 b6 29. Bxe5 Qxe5 30. Ng3 Bc5 31. Rf3 g6 32. b4 Bf8 33. Rd7 Re7 34. Rd1 a5 35. Qd2 Ra7 36. Rd3 axb4 37. axb4 Rca8 38. Rf3 c5 39. bxc5 Bxc5 40. Rf1 Re8 41. Rb1 Ree7 42. Rbb3 Ra4 43. Rbd3 Rd4 44. Rxd4 Bxd4 45. Rb3 Bc5 46. Rf3 Kg7 47. Rd3 Re6 48. Rf3 Rd6 49. Qa2 0-1

[Event "Herne-ch 14th"]
[Site "Herne"]
[Date "2011.02.22"]
[Round "3"]
[White "Gorzinski, Dariusz"]
[Black "Leveikina, Jevgenija"]
[Result "0-1"]
[WhiteElo "1911"]
[BlackElo "2100"]
[PlyCount "72"]
[EventDate "2011.02.07"]
[EventType "swiss"]
[EventRounds "7"]
[EventCountry "GER"]
[SourceTitle "EXT 2014"]
[Source "ChessBase"]
[SourceDate "2013.11.20"]
[SourceVersion "1"]
[SourceVersionDate "2013.11.20"]
[SourceQuality "1"]

1. e4 e5 2. Nf3 Nc6 3. Bc4 Bc5 4. c3 Nf6 5. d3 d6 6. Nbd2 Na5 7. Bxf7+ Kxf7 8. Ng5+ Ke8 9. b4 Ng4 10. bxc5 Qxg5 11. Nf3 Qg6 12. h3 Nf6 13. cxd6 cxd6 14. Ba3 Ng8 15. Qe2 Bd7 16. Nh4 Qf6 17. Nf5 Bxf5 18. exf5 Qe7 19. 0-0 Nf6 20. d4 e4 21. Qb5+ Nc6 22. Rab1 Rd8 23. f3 a6 24. Qa4 Qd7 25. fxe4 Nxe4 26. Rbe1 d5 27. f6 gxf6 28. Rxf6 Ne7 29. Qb4 a5 30. Qb6 Rg8 31. Bxe7 Kxe7 32. Rh6 Qf5 33. Rf1 Rxg2+ 34. Kxg2 Qg5+ 35. Kh2 Qd2+ 36. Kg1 Rg8+ 0-1